000 00424nam a2200157Ia 4500
005 20260121165313.0
008 260121s9999 xx 000 0 und d
041 _amar
082 _a491.2
100 _aपवार, आरती
245 _aसंस्कृत परिचय
250 _a4
260 _bभारतीय विचार साधना पुणे
_c2013
300 _a48
650 _aGenral
999 _c369999
_d369999